Квиз о Египту - Statistics

General Stats
  • This quiz has been taken 65 times
  • The average score is 12 of 25
Answer Stats
Опис Одговор % Correct
На обалама које реке живи велика већина Египћана Нил
98%
Главни град Каиро
95%
Званичан језик Арапски
88%
Староегипатски бог Сунца Ра
73%
Титула владара старог Египта Фараон
73%
Која египатска владарка је била љубавница Јулија Цезара и Марка Антонија? Клеопатра
73%
Назив канала који повезује Средоземно и Црвено море {Суецки} канал
71%
Који познати споменик има тело лава и главу човека? Велика сфинга
68%
Материјал налик папиру који су измислили стари Египћани Папирус
68%
Име владара тинејџера чија је гробница откривена нетакнута 1922. Тутанкамон
64%
Назив староегипатског писма Хијероглифи
63%
Други најмногољуднији град Александрија
54%
У ком граду можете наићи на Кеопсову пирамиду? Гиза
54%
Које египатско полуострво је Израел заузео 1967. а вратио га Египту 1982? Синајско полуострво
43%
Који "велики" владар је управљао Египтом 66 година, почевши владавину 1279. п.н.е? Рамзес II
43%
Назив највеће египатске хришћанске заједнице Копти
34%
Назив бране на тој реци, завршена је 1970. {Асуанска} брана
30%
Град истог имена као ова древна египатска престоница се налази у Тенесију Мемфис
29%
Име дугогодишњег председника који је збачен као последица протеста поменутог изнад Хосни Мубарак
23%
Председник на којег је извршен атентат 1981. Анвар ел Садат
23%
Овај камен, откривен 1799. помогао је да се дешифрује писмо изнад Камен из {Розете}
23%
Староегипатска богиња, оличење мајке Изида
18%
Познато летовалиште, на југу полуострва поменутог у питању изнад Шарм ел Шеик
16%
Овај Староегипћанин се сматра првим доктором и првим архитектом у историји Имхотеп
7%
Овај трг је био центар протеста током Арапског пролећа 2011. Трг {Тахрир}
2%
No matching quizzes found
Score Distribution
Percent of People with Each Score
Percentile by Number Answered
Your Score History
You have not taken this quiz